(Registro nro. 3304)
[ vista simple ]
| 000 -CABECERA | |
|---|---|
| campo de control de longitud fija | 01037nam a22002537a 4500 |
| 003 - IDENTIFICADOR DEL NÚMERO DE CONTROL | |
| campo de control | AR-RoIUNI |
| 005 - FECHA Y HORA DE LA ÚLTIMA TRANSACCIÓN | |
| campo de control | 20160922121758.0 |
| 007 - CAMPO FIJO DE DESCRIPCIÓN FÍSICA--INFORMACIÓN GENERAL | |
| campo de control de longitud fija | ta |
| 008 - DATOS DE LONGITUD FIJA--INFORMACIÓN GENERAL | |
| campo de control de longitud fija | 160922s1998 ag |||||r|||| 00| 0 spa d |
| 020 ## - NÚMERO INTERNACIONAL ESTÁNDAR DEL LIBRO | |
| Número Internacional Estándar del Libro | 9508082054 |
| 040 ## - FUENTE DE LA CATALOGACIÓN | |
| Centro/agencia transcriptor | |
| 080 ## - NÚMERO DE LA CLASIFICACIÓN DECIMAL UNIVERSAL | |
| Número de la Clasificación Decimal Universal | 159.9:2 |
| 100 1# - ENTRADA PRINCIPAL--NOMBRE DE PERSONA | |
| Nombre de persona | Didier-Weill, Alain |
| 245 10 - MENCIÓN DE TÍTULO | |
| Título | Freud : |
| Resto del título | relación con el judaísmo, el cristianismo y el helenismo / |
| Mención de responsabilidad, etc. | Alain Didier-Weill. |
| 260 ## - PUBLICACIÓN, DISTRIBUCIÓN, ETC. (PIE DE IMPRENTA) | |
| Lugar de publicación, distribución, etc. | Rosario : |
| Nombre del editor, distribuidor, etc. | Homo Sapiens, |
| Fecha de publicación, distribución, etc. | 1998. |
| 300 ## - DESCRIPCIÓN FÍSICA | |
| Extensión | 185 p. ; |
| Dimensiones | 21 cm. |
| 490 0# - MENCIÓN DE SERIE | |
| Mención de serie | La clínica en los bordes ; |
| Designación de volumen o secuencia | 20 |
| 505 0# - NOTA DE CONTENIDO CON FORMATO | |
| Nota de contenido con formato | 1. Freud y Dionisos -- 2. Freud y Moisés -- 3. Freud y San Pablo -- 4. Freud: la realidad -- Anexos. De los cuatro tiempos subjetivantes en la música -- La nota azul (la note bleue). El circuito pulsional -- Del pase y de los tres desplazamientos del sujeto -- El Moises de Freud, Judaísmo terminable e interminable. |
| 600 1# - PUNTO DE ACCESO ADICIONAL DE MATERIA--NOMBRE DE PERSONA | |
| Nombre de persona | Freud, Sigmund, |
| Fechas asociadas al nombre | 1856-1939 |
| Subdivisión general | CRÍTICA E INTERPRETACIÓN |
| 650 #4 - PUNTO DE ACCESO ADICIONAL DE MATERIA--TÉRMINO DE MATERIA | |
| Término de materia o nombre geográfico como elemento inicial | PSICOLOGÍA |
| 650 #4 - PUNTO DE ACCESO ADICIONAL DE MATERIA--TÉRMINO DE MATERIA | |
| Término de materia o nombre geográfico como elemento inicial | RELIGIÓN |
| 650 #4 - PUNTO DE ACCESO ADICIONAL DE MATERIA--TÉRMINO DE MATERIA | |
| Término de materia o nombre geográfico como elemento inicial | PSICOANÁLISIS |
| 942 ## - ELEMENTOS DE PUNTO DE ACCESO ADICIONAL (KOHA) | |
| Fuente del sistema de clasificación o colocación | Clasificación Decimal Universal |
| Tipo de ítem Koha | Libros |
| Estado de retiro | Estado de pérdida | Fuente del sistema de clasificación o colocación | Estado dañado | Excepción de préstamo | Código de colección | Localización permanente | Ubicación/localización actual | Ubicación en estantería | Fecha de adquisición | Número de inventario | Total de préstamos | Signatura topográfica completa | Código de barras | Fecha visto por última vez | Fecha del último préstamo | Número de copia | Precio válido a partir de | Tipo de ítem Koha | Nota pública |
|---|---|---|---|---|---|---|---|---|---|---|---|---|---|---|---|---|---|---|---|
| Clasificación Decimal Universal | Psicología | BIBLIOTECA RIOBAMBA | BIBLIOTECA RIOBAMBA | BIBLIOTECA RIOBAMBA | 22/08/2016 | 3402 | 1 | 159.9:2 DID | 3402 | 27/09/2017 | 25/09/2017 | 1 | 22/09/2016 | Libros | Donación Pablo Zöpke |

